Feeding habits and food preferences of Acrididae and the factors that determine them (Registro nro. 12905)
[ vista simple ]
| 000 -CABECERA | |
|---|---|
| Campo de control | 006600000a22001930004500 |
| 090 ## - CLASIFICACIÓN LOCAL | |
| Colección | AR |
| Consecutivo | 03870 |
| 041 0# - IDIOMA | |
| Código de idioma para texto/pista de sonido o título separado | |
| 100 1# - ASIENTO PRINCIPAL--NOMBRE PERSONAL | |
| Nombre personal | Williams, L. H. |
| 245 10 - MENCION DE TITULO | |
| Título | Feeding habits and food preferences of Acrididae and the factors that determine them |
| 500 ## - NOTA GENERAL | |
| Nota general | <Colección Biocomercio> |
| 650 14 - ASIENTO SECUNDARIO DE MATERIA - TERMINO TEMATICO | |
| Término temático o nombre geográfico como elemento de entrada | Entomología |
| 650 14 - ASIENTO SECUNDARIO DE MATERIA - TERMINO TEMATICO | |
| Término temático o nombre geográfico como elemento de entrada | Selección de comida |
| 650 14 - ASIENTO SECUNDARIO DE MATERIA - TERMINO TEMATICO | |
| Término temático o nombre geográfico como elemento de entrada | Morfología animal |
| 653 ## - TERMINO DE INDIZACION - NO CONTROLADO | |
| -- | Locusta |
| -- | Locusta migratoria |
| 653 ## - TERMINO DE INDIZACION - NO CONTROLADO | |
| -- | Schistocerca |
| -- | Schistocerca gregaria |
| 653 ## - TERMINO DE INDIZACION - NO CONTROLADO | |
| -- | Chorthippus |
| -- | Chorthippus bicolor |
| 773 1# - Item fuente: | |
| Título | Transactions of the Royal Entomological Society |
| Paginas del Articulo | 423-454 |
| Lugar, editorial y fecha de publicación | 1954 |
| Información sobre la relación | 105 |
| 942 ## - ELEMENTOS ADICIONALES (KOHA) | |
| Tipo de ítem | Artículo |
| Withdrawn status | Lost status | Damaged status | No para préstamo | Colección | Ubicación Permanente | Ubicación actual | Fecha de adquisición | Fuente de Valor | Datos de publicación Seriada | Total Checkouts | Número topográfico | Inventario / Código de Barras | Date last seen | Price effective from | Forma de adquisición | Tipo de material |
|---|---|---|---|---|---|---|---|---|---|---|---|---|---|---|---|---|
| No para Préstamo | Hemeroteca | Bogotá | Bogotá | 27/02/2015 | Biocomercio | Fuera de circulación | AR 03870 | 014322 | 25/03/2015 | 25/03/2015 | Artículo |